| 000 | 00652nam a2200217 i 4500 | ||
|---|---|---|---|
| 001 | 17161 | ||
| 003 | ES-MaACL | ||
| 005 | 20250812044639.0 | ||
| 007 | t| | ||
| 008 | 010108s2000 sp ||||1| spa d | ||
| 020 | _a84-7490-586-9 | ||
| 080 | _a7.046.3 | ||
| 080 | _a246 | ||
| 245 | 0 | 0 |
_aArte sacro: un proyecto actual _b: actas del curso celebrado en Madrid. Octubre 1999. |
| 260 |
_a[Madrid] : _bFundación Félix Granda, _c[2000] |
||
| 300 |
_a327 p., [40] p. de lám. ; _c30 cm. |
||
| 650 | 7 |
_aArte religioso _2embne _910281 |
|
| 710 | 2 |
_aFundación Félix Granda. _94298 |
|
| 852 |
_aES-MaACL _jL-23911 _bR.129200 |
||
| 999 |
_c17161 _d17161 |
||